Statistiken für Top 15 der betroffenen Covid-19-Länder - 7. Juni

Klicken Sie hier um das Quiz zu spielen!

Allgemein

  • Dieses Quiz wurde 9 mal gespielt
  • Das Durchschnittsergebnis liegt bei 17 aus 26

Antwortstatistiken

Land% Korrekt
Brasilien
100%
Deutschland
100%
Indien
100%
Vereinigte Staaten
100%
Frankreich
88%
Italien
88%
Mexiko
88%
Spanien
88%
Vereinigtes Königreich
88%
Iran
75%
Peru
75%
Russland
75%
Türkei
75%
Chile
63%
Chile
63%
Irland
63%
Saudi-Arabien
63%
Bahrain
38%
Belgien
38%
Katar
38%
Kuwait
38%
Schweden
38%
Weißrussland
38%
Singapur
25%
Vereinigte Arabische Emirate
25%
Armenien
0%

Verteilung der Resultate

Perzentil nach korrekt beantworteten Fragen

Anzahl Personen mit jedem Resultat

Ihre Resultats-Entwicklung

Sie haben dieses Quiz noch nicht gespielt